| 000 | 01137nam a22002537a 4500 | ||
|---|---|---|---|
| 005 | 20080801122236.0 | ||
| 008 | 080801t xxu||||| |||| 00| 0 hin d | ||
| 010 | _aHIN-83864 | ||
| 020 |
_a8180830225 _c150.00 |
||
| 035 | _aHN-56210 | ||
| 037 | _bDBAD / PUB | ||
| 040 |
_aDPL _bHN |
||
| 082 | _a915.4504 | ||
| 100 | _aघोष, तुषार | ||
| 245 |
_aपूर्वोत्तर के अरण्यों में / _cतुषार घोष |
||
| 246 |
_aPurvottar ke arnayon mein _bby Tushar Gosh |
||
| 260 |
_aदिल्ली _bविमल पुस्तक मंदिर _c2007 |
||
| 270 |
_a430, महाराम मौहल्ला, शाहदरा _b दिल्ली _e110032 |
||
| 300 |
_a144पृ. _c22सेमी |
||
| 650 |
_aय़ात्रा वृतांत _zपर्यटन |
||
| 650 |
_aTravelogue _xTourism |
||
| 942 |
_2ddc _cHN _h915.4504 _mघोषतु |
||
| 999 |
_c14694 _d14694 |
||